Vista normal
Vista MARC
Entrada Personal Name
Número de registros utilizados en: 1
001 - CONTROL NUMBER
- control field: 9828
003 - CONTROL NUMBER IDENTIFIER
- control field: DLC
005 - DATE AND TIME OF LATEST TRANSACTION
- control field: 20190820113650.0
008 - FIXED-LENGTH DATA ELEMENTS
- fixed length control field: 860110n| acannaabn |n aaa
010 ## - LIBRARY OF CONGRESS CONTROL NUMBER
- LC control number: n 85284470
035 ## - SYSTEM CONTROL NUMBER
- System control number: (OCoLC)oca01488920
040 ## - CATALOGING SOURCE
- Original cataloging agency: DLC
- Language of cataloging: spa
- Transcribing agency: Mx-PuUPA
- Modifying agency: DLC
- Modifying agency: OCoLC
- Modifying agency: Mx-PuUPA
- Description conventions: rda
100 1# - HEADING--PERSONAL NAME
- Personal name: Stern, Patrice,
372 ## - FIELD OF ACTIVITY
- Field of activity: Administración
374 ## - OCCUPATION
- Occupation: Autor
375 ## - GENDER
- Gender: hombre
377 ## - ASSOCIATED LANGUAGE
- Language code: eng
670 ## - SOURCE DATA FOUND
- Source citation: Michon, C. La dynamisation sociale, c1985:
- Information found: t.p. (Patrice Stern) p. 4 of cover (professeur au Groupe ESCP (Ecole supérieure de commerce de Paris))
670 ## - SOURCE DATA FOUND
- Source citation: La caja de herramientas Admoinistración, 2011:
- Information found: t.p. (Patrce Stern) de portada
670 ## - SOURCE DATA FOUND
- Source citation: Biblioteca del congreso (Estados Unidos), 20 agosto 2019:
- Information found: Catálogo electrónico
- Uniform Resource Identifier: http://bit.ly/2Z5Ws6L